FCE writing 1 "paragraph, letter & email" (answer key included)
Đã lưu trong:
| Format: | Bog |
|---|---|
| Sprog: | English |
| Tags: |
Tilføj Tag
Ingen Tags, Vær først til at tagge denne postø!
|
| Thư viện lưu trữ: | Trung tâm Học liệu Lê Vũ Hùng, Trường Đại học Đồng Tháp |
|---|
| LEADER | 00554pam a22001698a 4500 | ||
|---|---|---|---|
| 001 | 00038725 | ||
| 005 | 20171026081025.0 | ||
| 008 | 170516s ||||||engsd | ||
| 041 | 0 | # | |a eng |
| 082 | 1 | 4 | |a 808.004 |b F000C |
| 245 | 1 | 0 | |a FCE writing 1 "paragraph, letter & email" |b (answer key included) |
| 300 | # | # | |a 85tr. |c 29 cm |
| 852 | # | # | |b Kho mượn |j KM.0022188 |
| 852 | # | # | |b Kho đọc |j KD.1001613, KD.0021110 |
| 852 | # | # | |j KD.0021110 |j KM.0022188 |
| 910 | |d 16/05/2017 | ||
| 980 | # | # | |a Trung tâm Học liệu Lê Vũ Hùng, Trường Đại học Đồng Tháp |